[Event "Württemberg 2-Hamburg"]
[Site "Dresden"]
[Date "2008.11.16"]
[Round "5.1"]
[White "Müller, Jan-Hendrik"]
[Black "Zhou, Syang"]
[Result "1-0"]
[WhiteElo "2098"]
[BlackElo "2087"]
[PlyCount "73"]
[EventDate "2008.??.??"]
[WhiteTeam "Hamburg"]
[BlackTeam "Württemberg 2"]

1. e4 c5 2. Nf3 d6 3. d4 cxd4 4. Nxd4 Nf6 5. Nc3 g6 6. Be3 Bg7 7. f3 O-O 8. Qd2
Nc6 9. O-O-O d5 10. exd5 Nxd5 11. Nxc6 bxc6 12. Bd4 e5 13. Bc5 Be6 14. Ne4 Re8
15. h4 h6 16. g4 Qc7 17. g5 h5 18. Bc4 Red8 19. Qf2 a5 20. a4 Qb7 21. Rhe1 Rab8
22. b3 Nf4 23. Bxe6 Nxe6 24. Bd6 Rxd6 25. Nxd6 Qb4 26. Nc4 Nd4 27. Qd2 Nxb3+
28. cxb3 Qxb3 29. Qc2 Qxf3 30. Re3 Qg4 31. Qe4 Qc8 32. Rd6 Qb7 33. Rxc6 Qb4 34.
Qc2 Rd8 35. Qb3 Qe7 36. Qb6 Rd4 37. Qxd4 1-0

[Event "Württemberg 2-Hamburg"]
[Site "Dresden"]
[Date "2008.11.16"]
[Round "5.3"]
[White "Lampert, Jonas"]
[Black "Lange, Jan-David"]
[Result "0-1"]
[WhiteElo "1969"]
[BlackElo "2029"]
[PlyCount "94"]
[EventDate "2008.??.??"]
[WhiteTeam "Hamburg"]
[BlackTeam "Württemberg 2"]

1. e4 c5 2. Nf3 Nc6 3. d4 cxd4 4. Nxd4 Nf6 5. Nc3 d6 6. Bg5 e6 7. Qd2 Be7 8.
O-O-O Nxd4 9. Qxd4 O-O 10. f4 Qa5 11. Kb1 Rd8 12. Qd2 Bd7 13. Nd5 Qxd2 14.
Nxe7+ Kf8 15. Rxd2 Nxe4 16. Rd4 Nxg5 17. Nd5 e5 18. Rb4 Ne6 19. fxe5 dxe5 20.
Bd3 Bc6 21. Ne3 Nf4 22. Be4 Rd4 23. Rxd4 exd4 24. Bxc6 bxc6 25. g3 dxe3 26.
gxf4 Re8 27. Re1 Re4 28. b3 Ke7 29. Kb2 h6 30. Kc3 g5 31. fxg5 hxg5 32. Kd3 f5
33. Rxe3 Rxe3+ 34. Kxe3 c5 35. c3 Kd6 36. a3 Ke5 37. b4 f4+ 38. Kd3 g4 39. c4
g3 40. hxg3 fxg3 41. Ke3 g2 42. Kf2 Kd4 43. bxc5 Kxc5 44. Kxg2 Kxc4 45. Kf3 Kb3
46. Ke4 Kxa3 47. Kd5 Kb3 0-1

[Event "Württemberg 2-Hamburg"]
[Site "Dresden"]
[Date "2008.11.16"]
[Round "5.5"]
[White "Schulenburg, Torben"]
[Black "Marquardt, Patrick"]
[Result "1-0"]
[WhiteElo "1905"]
[BlackElo "1830"]
[PlyCount "91"]
[EventDate "2008.??.??"]
[WhiteTeam "Hamburg"]
[BlackTeam "Württemberg 2"]

1. d4 d5 2. c4 e6 3. Nc3 c5 4. cxd5 exd5 5. Nf3 Nc6 6. g3 Nf6 7. Bg2 Be7 8. O-O
O-O 9. Bg5 Be6 10. dxc5 Bxc5 11. Rc1 Be7 12. Nd4 h6 13. Bxf6 Bxf6 14. Nxe6 fxe6
15. Qb3 Qe7 16. e4 d4 17. Ne2 Qf7 18. Bh3 Rfe8 19. Nf4 Na5 20. Qb5 Nc6 21. Qc4
Na5 22. Qb5 Nc6 23. Qb3 Na5 24. Qa3 b6 25. b4 Nb7 26. Qb3 Nd8 27. Bg4 e5 28.
Nd5 Ne6 29. Bxe6 Qxe6 30. Nc7 Qxb3 31. axb3 Rac8 32. Nxe8 Rxe8 33. Rc7 Be7 34.
b5 Bc5 35. Rd7 g5 36. g4 Rf8 37. Kg2 Rf6 38. f3 Kf8 39. Ra1 h5 40. gxh5 Rh6 41.
Raxa7 Ke8 42. Rg7 Kf8 43. Rh7 Rxh7 44. Rxh7 d3 45. Rd7 Bd4 46. Kf1 1-0

[Event "Württemberg 2-Hamburg"]
[Site "Dresden"]
[Date "2008.11.16"]
[Round "5.6"]
[White "Gibicar, Danijel"]
[Black "Herbold, Nora Marina"]
[Result "1-0"]
[WhiteElo "1747"]
[BlackElo "1673"]
[PlyCount "133"]
[EventDate "2008.??.??"]
[WhiteTeam "Württemberg 2"]
[BlackTeam "Hamburg"]

1. d4 Nf6 2. Nf3 g6 3. e3 Bg7 4. c4 d6 5. Nc3 O-O 6. Be2 Nbd7 7. O-O e5 8. b4
Re8 9. a4 exd4 10. exd4 Ne4 11. Nxe4 Rxe4 12. Bb2 Nf6 13. Bd3 Re7 14. h3 a5 15.
b5 b6 16. Rc1 Bb7 17. c5 dxc5 18. dxc5 Qe8 19. c6 Bc8 20. Ba3 Re6 21. Bc4 Re4
22. Ng5 Rxc4 23. Rxc4 h6 24. Re1 Be6 25. Nxe6 fxe6 26. Qe2 Kf7 27. Rcc1 Rd8 28.
Rcd1 Rxd1 29. Rxd1 Bf8 30. Bxf8 Qxf8 31. Qf3 Ke7 32. Qa3+ Kf7 33. Qxf8+ Kxf8
34. Rd8+ Kf7 35. Kf1 h5 36. Ke2 Ke7 37. Rd1 Nd5 38. Kf3 Kf6 39. Rd2 Kf5 40. g4+
hxg4+ 41. hxg4+ Ke5 42. Re2+ Kd6 43. Re1 Ke7 44. Rd1 g5 45. Rh1 Kf6 46. Rh6+
Kf7 47. Rh7+ Kf6 48. Rd7 Kg6 49. Ke4 Kf6 50. Rxd5 exd5+ 51. Kxd5 Kf7 52. Ke5
Kg6 53. Ke6 Kg7 54. Kd7 Kf7 55. Kxc7 Ke7 56. Kxb6 Kd8 57. Kxa5 Kc8 58. b6 Kb8
59. Kb5 Kc8 60. a5 Kb8 61. a6 Ka8 62. Kc5 Kb8 63. f4 gxf4 64. g5 f3 65. g6 f2
66. g7 Kc8 67. g8=Q# 1-0

[Event "Württemberg 2-Hamburg"]
[Site "Dresden"]
[Date "2008.11.16"]
[Round "5.7"]
[White "Weber, Marina"]
[Black "Schäfer, Daniela"]
[Result "0-1"]
[WhiteElo "1392"]
[BlackElo "1779"]
[PlyCount "82"]
[EventDate "2008.??.??"]
[WhiteTeam "Hamburg"]
[BlackTeam "Württemberg 2"]

1. e4 d5 2. d4 dxe4 3. Bc4 Nf6 4. Be3 e6 5. Nd2 Nc6 6. Ne2 Bd6 7. f3 exf3 8.
Nxf3 O-O 9. O-O Nd5 10. Bc1 b6 11. c3 Bb7 12. Qd3 Nf6 13. Bg5 Na5 14. Nd2 Bxh2+
15. Kh1 Bd6 16. Bxf6 gxf6 17. b4 Nxc4 18. Nxc4 Kh8 19. Nxd6 cxd6 20. Rf2 f5 21.
Qh3 Qg5 22. Kh2 Qg4 23. Qxg4 fxg4 24. Rh1 f5 25. Nf4 e5 26. Ne6 Rf6 27. Ng5 h6
28. Kg1 Kg7 29. dxe5 dxe5 30. Rd2 Bc6 31. Kf2 hxg5 32. Re1 Re8 33. c4 a6 34. a3
f4 35. Rb1 g3+ 36. Kg1 g4 37. b5 axb5 38. cxb5 Be4 39. Rc1 f3 40. Rc4 f2+ 41.
Kf1 Bxg2+ 0-1

[Event "Mecklenburg-Vorpommern-Schleswig-Holstei"]
[Site "Dresden"]
[Date "2008.11.16"]
[Round "5.2"]
[White "Völsgen, Georg"]
[Black "Svane, Rasmus"]
[Result "1/2-1/2"]
[WhiteElo "1875"]
[BlackElo "2012"]
[PlyCount "161"]
[EventDate "2008.??.??"]
[WhiteTeam "Mecklenburg-Vorpommern"]
[BlackTeam "Schleswig-Holstein"]

1. e4 c5 2. Nc3 e6 3. f4 d5 4. Nf3 dxe4 5. Nxe4 Nd7 6. Be2 Ngf6 7. d3 Be7 8.
O-O O-O 9. Nxf6+ Nxf6 10. Ne5 Qc7 11. Qe1 Nd7 12. Bf3 Bf6 13. Ng4 Bd4+ 14. Kh1
c4 15. Qe4 Qb6 16. c3 f5 17. Qxd4 Qxd4 18. cxd4 fxg4 19. Bxg4 Nf6 20. Be2 cxd3
21. Bxd3 Rd8 22. Be3 Nd5 23. Bd2 Bd7 24. Rae1 Nf6 25. Bc4 Rac8 26. Bb3 Kh8 27.
Ba5 b6 28. Bc3 Nd5 29. Bxd5 exd5 30. Re5 Bb5 31. Rf3 Re8 32. Rfe3 Kg8 33. g3
Kf7 34. Kg1 a5 35. Rf5+ Kg8 36. Rxe8+ Bxe8 37. Rxd5 Bf7 38. Rd6 b5 39. Bxa5
Rc1+ 40. Kg2 Bxa2 41. Bc3 Bc4 42. Rd8+ Kf7 43. Rd7+ Kf8 44. f5 Rc2+ 45. Kf3
Rxh2 46. Bb4+ Ke8 47. Rc7 Kd8 48. Rxg7 h5 49. Bc3 h4 50. gxh4 Rxh4 51. Kg3 Rh1
52. Kf4 Rd1 53. Ke5 Ke8 54. f6 Rh1 55. Re7+ Kf8 56. Bb4 Rh5+ 57. Kf4 Kg8 58.
Rg7+ Kh8 59. f7 Bxf7 60. Rxf7 Rh2 61. Bc3 Rf2+ 62. Ke4 Rxf7 63. d5+ Kg8 64. Kd4
Rc7 65. d6 Rd7 66. Kc5 Kf7 {(=)} 67. Ba5 Ke6 68. Bc7 Rf7 69. Kxb5 Kd7 70. b4
Rf1 71. Kb6 Kc8 72. Ka6 Ra1+ 73. Kb6 Rf1 74. b5 Re1 75. Ka6 Ra1+ 76. Ba5 Kd7
77. b6 Kxd6 78. b7 Rxa5+ 79. Kxa5 Kc7 80. Ka6 Kb8 81. Kb6 1/2-1/2

[Event "Mecklenburg-Vorpommern-Schleswig-Holstei"]
[Site "Dresden"]
[Date "2008.11.16"]
[Round "5.3"]
[White "Marx, Joschka"]
[Black "Stemmler, Lysan"]
[Result "0-1"]
[WhiteElo "1931"]
[BlackElo "1740"]
[PlyCount "114"]
[EventDate "2008.??.??"]
[WhiteTeam "Schleswig-Holstein"]
[BlackTeam "Mecklenburg-Vorpommern"]

1. e4 d6 2. Nf3 Nf6 3. d3 g6 4. g3 Bg7 5. Bg2 e5 6. h3 O-O 7. O-O c6 8. c3 Nbd7
9. Bg5 h6 10. Bxf6 Nxf6 11. Re1 Re8 12. Nbd2 Qc7 13. d4 Be6 14. Qc2 Nd7 15.
dxe5 dxe5 16. Rad1 Rad8 17. Nf1 Nb6 18. b3 Re7 19. Ne3 Red7 20. c4 Rxd1 21.
Rxd1 Rxd1+ 22. Qxd1 Qd7 23. Qxd7 Nxd7 24. g4 a5 25. Ne1 Nc5 26. Kf1 Bf8 27. Ke2
Bd6 28. Kd2 Na6 29. N1c2 Nb4 30. a3 Nxc2 31. Nxc2 a4 32. Kc3 axb3 33. Kxb3 Kg7
34. Ne3 Kf6 35. Bf1 Kg5 36. Ng2 h5 37. f3 hxg4 38. hxg4 Bc5 39. Ne1 Bd4 40. Nd3
b5 41. Nb4 Kf4 42. Nxc6 Kxf3 43. Kb4 Bxc4 44. Bxc4 bxc4 45. Kxc4 Kxe4 46. a4
Be3 47. a5 f5 48. gxf5 gxf5 49. Kc3 f4 50. Kc2 f3 51. Kd1 Kd5 52. Ne7+ Kc4 53.
Ng6 e4 54. Ne5+ Kb5 55. Ng4 Bc5 56. Nf6 e3 57. Ng4 e2+ 0-1

[Event "Mecklenburg-Vorpommern-Schleswig-Holstei"]
[Site "Dresden"]
[Date "2008.11.16"]
[Round "5.4"]
[White "Hingst, Silke"]
[Black "Powierski, Emil"]
[Result "1-0"]
[WhiteElo "1820"]
[BlackElo "1654"]
[PlyCount "61"]
[EventDate "2008.??.??"]
[WhiteTeam "Mecklenburg-Vorpommern"]
[BlackTeam "Schleswig-Holstein"]

1. e4 c5 2. c3 Nf6 3. e5 Nd5 4. d4 cxd4 5. Nf3 Nc6 6. cxd4 d6 7. Bc4 Nb6 8. Bb3
d5 9. Nc3 Bg4 10. Be3 e6 11. O-O Be7 12. Qe2 O-O 13. Rac1 Rc8 14. Bc2 Nb4 15.
Bb1 Nc4 16. a3 Nc6 17. Bd3 Nxe3 18. fxe3 Bh5 19. Qf2 f5 20. exf6 Bxf6 21. Qg3
Bf7 22. Rcd1 a6 23. Bb1 Qb6 24. Rf2 Na5 25. Na4 Qb5 26. Nc5 Be7 27. Qh3 h6 28.
Nxe6 Rfe8 29. Ne5 Bf6 30. Rxf6 gxf6 31. Qg4+ 1-0

[Event "Mecklenburg-Vorpommern-Schleswig-Holstei"]
[Site "Dresden"]
[Date "2008.11.16"]
[Round "5.6"]
[White "Schreiber, Kevin"]
[Black "Marx, Inga"]
[Result "1-0"]
[WhiteElo "1587"]
[BlackElo "1595"]
[PlyCount "113"]
[EventDate "2008.??.??"]
[WhiteTeam "Mecklenburg-Vorpommern"]
[BlackTeam "Schleswig-Holstein"]

1. d4 d5 2. Nf3 Nf6 3. Bf4 Bg4 4. e3 e6 5. c4 Be7 6. Nc3 Nh5 7. Bg3 Nxg3 8.
hxg3 Nd7 9. cxd5 Nf6 10. dxe6 Bxe6 11. Bd3 h6 12. Qc2 O-O 13. Ne5 c5 14. dxc5
Bxc5 15. O-O Qc7 16. Nf3 Rfd8 17. Rfd1 Ng4 18. Ne4 Bb6 19. Qxc7 Bxc7 20. Nd4
Bd5 21. Nc3 Bb6 22. Nxd5 Rxd5 23. Be4 Rd6 24. Nb5 Re6 25. Bf5 Nxe3 26. Bxe6
Nxd1 27. Bxf7+ Kxf7 28. Rxd1 Ke7 29. Nc3 Ke6 30. Kf1 Rf8 31. f3 Rf5 32. Ne4 Rd5
33. Rxd5 Kxd5 34. Nc3+ Kc4 35. Ke2 Bd4 36. Kd2 b5 37. Kc2 a5 38. b3+ Kc5 39. a3
b4 40. axb4+ axb4 41. Nd1 Kd5 42. Kd3 g6 43. Ne3+ Bxe3 44. Kxe3 Ke5 45. g4 g5
46. g3 Kd5 47. f4 gxf4+ 48. gxf4 Ke6 49. Ke4 Kf6 50. g5+ hxg5 51. fxg5+ Kxg5
52. Kd4 Kf5 53. Kc4 Ke5 54. Kxb4 Kd6 55. Ka5 Kc7 56. Ka6 Kc8 57. Ka7 1-0

[Event "Mecklenburg-Vorpommern-Schleswig-Holstei"]
[Site "Dresden"]
[Date "2008.11.16"]
[Round "5.7"]
[White "Polert, Annika"]
[Black "Schöbel, Ulrike"]
[Result "1/2-1/2"]
[WhiteElo "1506"]
[BlackElo "1512"]
[PlyCount "98"]
[EventDate "2008.??.??"]
[WhiteTeam "Schleswig-Holstein"]
[BlackTeam "Mecklenburg-Vorpommern"]

1. d4 d5 2. c4 c6 3. Nc3 Nf6 4. Bf4 e6 5. Nf3 Be7 6. e3 Nbd7 7. Rc1 O-O 8. Qc2
a6 9. cxd5 exd5 10. Bd3 c5 11. dxc5 Nxc5 12. O-O b5 13. a3 Nxd3 14. Qxd3 Bb7
15. Rfd1 Qb6 16. Ne2 Rac8 17. Ned4 Ne4 18. Ne5 Rfd8 19. Qe2 Qf6 20. Qg4 Qh4 21.
Qxh4 Bxh4 22. g3 Bf6 23. Nec6 Re8 24. f3 Ng5 25. Kf2 Nh3+ 26. Ke2 Nxf4+ 27.
gxf4 Bxc6 28. Nxc6 d4 29. e4 Kf8 30. e5 Bd8 31. Nxd4 Bb6 32. Nf5 Rxc1 33. Rxc1
g6 34. Nd6 Re7 35. Rc6 Bd4 36. b3 Ra7 37. Rc8+ Ke7 38. Re8+ Kd7 39. Rh8 h5 40.
Rh7 Ke6 41. Kd3 Bc5 42. Ne4 Bxa3 43. Ng5+ Kf5 44. e6 Bf8 45. Rxf7+ Rxf7 46.
exf7 Bc5 47. Ke2 a5 48. Kd3 Be7 49. h4 Kxf4 1/2-1/2

[Event "Mecklenburg-Vorpommern-Schleswig-Holstei"]
[Site "Dresden"]
[Date "2008.11.16"]
[Round "5.8"]
[White "Wulf, Constanze"]
[Black "Borukhson, David"]
[Result "0-1"]
[WhiteElo "970"]
[BlackElo "1202"]
[PlyCount "54"]
[EventDate "2008.??.??"]
[WhiteTeam "Mecklenburg-Vorpommern"]
[BlackTeam "Schleswig-Holstein"]

1. e4 c5 2. Nf3 Nc6 3. d4 cxd4 4. Nxd4 Nf6 5. Nc3 e5 6. Nf3 Bb4 7. Bd2 O-O 8.
Bc4 d6 9. Qe2 Bg4 10. O-O-O Rc8 11. h3 Nd4 12. Qd3 Bxf3 13. gxf3 a6 14. Bd5 Qc7
15. Rhg1 Kh8 16. Qe3 Rg8 17. Kb1 b5 18. Rc1 a5 19. f4 Bc5 20. Qd3 Rb8 21. f5
Qa7 22. a4 bxa4 23. Nxa4 Nxd5 24. exd5 Qb7 25. Qe4 Ba3 26. Rcd1 Bxb2 27. Ka2
Qb5 0-1

[Event "Hessen 2-Saarland"]
[Site "Dresden"]
[Date "2008.11.16"]
[Round "5.2"]
[White "Aslan, Benjamin"]
[Black "Müller, Pascal"]
[Result "1-0"]
[WhiteElo "2018"]
[BlackElo "1894"]
[PlyCount "89"]
[EventDate "2008.??.??"]
[WhiteTeam "Hessen 2"]
[BlackTeam "Saarland"]

1. d4 Nf6 2. c4 g6 3. Nc3 Bg7 4. e4 d6 5. Nf3 O-O 6. Be2 e5 7. O-O Nc6 8. d5
Ne7 9. Ne1 Ne8 10. Be3 f5 11. f3 f4 12. Bf2 g5 13. a4 Ng6 14. c5 Nf6 15. a5 h5
16. a6 b6 17. cxb6 cxb6 18. Bb5 g4 19. Bc6 Rb8 20. Kh1 g3 21. Bg1 h4 22. h3 Nh7
23. Qa4 Ng5 24. Ra2 Nxh3 25. gxh3 Bxh3 26. Qb5 Kf7 27. b4 Bxf1 28. Qxf1 h3 29.
Bh2 Rh8 30. Nb5 Qe7 31. Bb7 Rh7 32. Rc2 Qf6 33. Bc8 Ne7 {(=)} 34. Be6+ Kg6 35.
Nxd6 Qh4 36. Nf5 Qg5 37. Nxe7+ Qxe7 38. Bf5+ Kf7 39. Bxh7 Qxb4 40. Rc7+ Kf8 41.
Qxh3 Qxe1+ 42. Bg1 g2+ 43. Kh2 Qg3+ 44. Qxg3 fxg3+ 45. Kxg2 1-0

[Event "Hessen 2-Saarland"]
[Site "Dresden"]
[Date "2008.11.16"]
[Round "5.5"]
[White "Schirra, Felix"]
[Black "Medvedovski, Michael"]
[Result "0-1"]
[WhiteElo "1516"]
[BlackElo "1756"]
[PlyCount "120"]
[EventDate "2008.??.??"]
[WhiteTeam "Saarland"]
[BlackTeam "Hessen 2"]

1. e4 c5 2. Nf3 Nc6 3. d4 cxd4 4. Nxd4 e5 5. Nb5 a6 6. Nd6+ Bxd6 7. Qxd6 Qf6 8.
Qc7 Nge7 9. Bd3 d5 10. O-O O-O 11. f4 exf4 12. Rxf4 Qd4+ 13. Kh1 Ng6 14. Rf3
dxe4 15. c3 Qd5 16. Rf1 Qxd3 17. Re1 Nce5 18. Na3 Qd5 19. Be3 f5 20. Bd4 Rf7
21. Qb6 Qe6 22. Qa5 Nc6 23. Qb6 Nxd4 24. Qd8+ Rf8 25. Qxd4 Ne5 26. Rad1 Bd7 27.
Rd2 Bc6 28. Red1 Nd3 29. c4 Rad8 30. Qg1 Qf6 31. b3 Nb2 32. Rxd8 Rxd8 33. Rxd8+
Qxd8 34. h3 Qd1 35. Qxd1 Nxd1 36. Kg1 Kf7 37. Kf1 Kf6 38. Ke2 Nc3+ 39. Ke3 Ke5
40. Nc2 Nxa2 41. b4 Nc1 42. g3 g5 43. c5 Nb3 44. Na3 f4+ 45. gxf4+ gxf4+ 46.
Ke2 Kd4 47. h4 Kc3 48. h5 Kxb4 49. h6 Kxa3 50. Ke1 Nd4 51. Kf2 e3+ 52. Ke1 f3
53. Kf1 Bb5+ 54. Kg1 f2+ 55. Kh2 f1=Q 56. c6 Qf2+ 57. Kh3 Bxc6 58. Kg4 Qf3+ 59.
Kh4 Qg2 60. Kh5 Bf3+ 0-1

[Event "Hessen 2-Saarland"]
[Site "Dresden"]
[Date "2008.11.16"]
[Round "5.7"]
[White "Schmitt, Carsten"]
[Black "Zuyev, Lisa"]
[Result "1-0"]
[WhiteElo "1383"]
[BlackElo "1527"]
[PlyCount "67"]
[EventDate "2008.??.??"]
[WhiteTeam "Saarland"]
[BlackTeam "Hessen 2"]

1. d4 Nf6 2. Nf3 e6 3. Bg5 Be7 4. e3 O-O 5. Bd3 h6 6. Bh4 Nc6 7. c4 d5 8. Nc3
b6 9. a3 a5 10. cxd5 Nxd5 11. Nxd5 Qxd5 12. Bxe7 Nxe7 13. Qc2 Qd6 14. Rc1 Nd5
15. Be4 Ra7 16. Ne5 c5 17. Nd3 Rc7 18. dxc5 bxc5 19. O-O Ba6 20. Rfd1 Rd8 21.
Nf4 Qe5 22. Rd2 c4 23. Rd4 Bb7 24. Rcd1 Rdd7 25. Bf3 Nxe3 26. fxe3 Bxf3 27.
Rxd7 Rxd7 28. Rxd7 Qxe3+ 29. Kf1 Be4 30. Qd2 Qb3 31. Qc3 Qb8 32. Nxe6 Bd3+ 33.
Ke1 f6 34. Rd8+ 1-0

[Event "Hessen 2-Saarland"]
[Site "Dresden"]
[Date "2008.11.16"]
[Round "5.1"]
[White "Müller, Reinhold"]
[Black "Fink, Leander"]
[Result "1-0"]
[WhiteElo "2226"]
[BlackElo "2069"]
[PlyCount "135"]
[EventDate "2008.??.??"]
[WhiteTeam "Saarland"]
[BlackTeam "Hessen 2"]

1. d4 d6 2. c4 e5 3. Nc3 exd4 4. Qxd4 Nc6 5. Qd2 Nf6 6. Nf3 g6 7. b3 Bg7 8. Bb2
O-O 9. e3 Bf5 10. Be2 Ne4 11. Nxe4 Bxe4 12. Bxg7 Kxg7 13. O-O Qf6 14. Rad1 Rad8
15. Nd4 Nxd4 16. Qxd4 Bc6 17. Rd2 a5 18. Rfd1 Qxd4 19. Rxd4 b6 20. h4 h5 21.
Kh2 Rfe8 22. Kg3 Kf6 23. Bf3 Bxf3 24. Kxf3 Re5 25. Rf4+ Rf5 26. Rxf5+ Kxf5 27.
Rd5+ Kf6 28. Ke4 Ke6 29. Kd4 f6 30. Ke4 Re8 31. Kf4 Ra8 32. e4 a4 33. b4 c6 34.
Rd3 a3 35. f3 Ra4 36. Rb3 c5 37. bxc5 bxc5 38. Rc3 f5 39. exf5+ gxf5 40. Kg5
Ke5 41. Rc2 Kd4 42. Kxf5 Rxc4 43. Rxc4+ Kxc4 44. g4 hxg4 45. fxg4 Kd3 46. g5 c4
47. g6 c3 48. g7 c2 49. g8=Q c1=Q 50. Qd5+ Ke2 51. Qe4+ Kd1 52. Qh1+ Kc2 53.
Qxc1+ Kxc1 54. h5 Kb2 55. h6 Kxa2 56. h7 Kb1 57. h8=Q a2 58. Qb8+ Kc2 59. Qa7
Kb2 60. Qb6+ Kc2 61. Qa5 Kb2 62. Qb4+ Kc2 63. Qa3 Kb1 64. Qb3+ Ka1 65. Ke4 d5+
66. Kd3 d4 67. Kc2 d3+ 68. Kc3 1-0

[Event "Baden-Bayern"]
[Site "Dresden"]
[Date "2008.11.16"]
[Round "5.7"]
[White "Adermann, Mara"]
[Black "Schuhmacher, Jakob"]
[Result "0-1"]
[WhiteElo "1558"]
[BlackElo "1692"]
[PlyCount "120"]
[EventDate "2008.??.??"]
[WhiteTeam "Bayern"]
[BlackTeam "Baden"]

1. Nf3 Nf6 2. g3 d5 3. Bg2 c6 4. O-O g6 5. d3 Bg7 6. Nbd2 O-O 7. e4 dxe4 8.
dxe4 Na6 9. Re1 h6 10. Rb1 Be6 11. c4 Nb4 12. a3 Nd3 13. Rf1 Ng4 14. h3 Nge5
15. Nxe5 Nxe5 16. c5 Qd4 17. Qc2 Rfd8 18. b4 Qd3 19. Qxd3 Nxd3 20. Nb3 Nxc1 21.
Rfxc1 Bxb3 22. Rxb3 Rd2 23. b5 Bd4 24. Rf1 Bxc5 25. bxc6 bxc6 26. Rc3 Bd4 27.
Rb3 e5 28. Bf3 c5 29. Bd1 c4 30. Rb7 c3 31. Bb3 Rf8 32. Rc7 Rb2 33. Bd5 Rd2 34.
Bb3 Re2 35. Bd5 Kg7 36. g4 Kf6 37. Kg2 h5 38. Kg3 h4+ 39. Kf3 Rd2 40. a4 Kg5
41. Kg2 f6 42. Rg7 Rh8 43. Rc7 Rh6 44. Be6 Kf4 45. Bd5 Rh8 46. Rg7 Kg5 47. Rc7
Rb8 48. Kh1 c2 49. Kg2 Rb1 50. Rc4 Rxf1 51. Kxf1 Rd1+ 52. Kg2 c1=Q 53. Rxc1
Rxc1 54. f3 Rc2+ 55. Kf1 Kf4 56. Ke1 Kxf3 57. a5 Be3 58. Bb3 Rc1+ 59. Bd1+ Kxe4
60. Ke2 f5 0-1

[Event "Sachsen 1-Sachsen Anhalt"]
[Site "Dresden"]
[Date "2008.11.16"]
[Round "5.5"]
[White "Müller, Alexander"]
[Black "Nguyen Minh, Thuy"]
[Result "1-0"]
[WhiteElo "1895"]
[BlackElo "1860"]
[PlyCount "115"]
[EventDate "2008.??.??"]
[WhiteTeam "Sachsen Anhalt"]
[BlackTeam "Sachsen 1"]

1. e4 c5 2. Nf3 d6 3. d4 cxd4 4. Nxd4 Nf6 5. Nc3 a6 6. Be3 e6 7. Be2 Qc7 8. O-O
Be7 9. f4 Nbd7 10. Qd2 b5 11. Bf3 Bb7 12. a3 Nb6 13. Qf2 Nc4 14. Bc1 O-O 15.
Kh1 Rab8 16. Nde2 Rfc8 17. b3 Nb6 18. Bb2 Nbd7 19. Ng3 Ba8 20. Rfd1 Nc5 21. Rd2
a5 22. Qe3 h6 23. Nce2 e5 24. Rad1 Ne8 25. Nf5 Bf8 26. fxe5 dxe5 27. Nc3 Nf6
28. Nd5 Bxd5 29. exd5 Ncd7 30. d6 Qc5 31. Qxc5 Rxc5 32. Ne7+ Kh8 33. Nc6 Rc8
34. Ne7 Rb8 35. Nd5 Ne8 36. Bg4 Rd8 37. Bxd7 Rxd7 38. Bxe5 Bxd6 39. Nb6 Rxe5
40. Nxd7 Re7 41. Nb6 Bxa3 42. Nd5 Re5 43. g3 Bc5 44. Ra1 Nd6 45. Nf4 Ne4 46.
Re2 g5 47. Rae1 gxf4 48. Rxe4 Rxe4 49. Rxe4 fxg3 50. hxg3 Bd6 51. Kg2 Kg7 52.
Rd4 Bc7 53. Rd7 Be5 54. Rd5 Bc3 55. Rxb5 Kg6 56. Kf3 f6 57. Rc5 Bb4 58. Rc8 1-0

[Event "Niedersachsen-Rheinland-Pfalz"]
[Site "Dresden"]
[Date "2008.11.16"]
[Round "5.4"]
[White "Schreiner, Till"]
[Black "Remy, Janina"]
[Result "1-0"]
[WhiteElo "2006"]
[BlackElo "1988"]
[PlyCount "113"]
[EventDate "2008.??.??"]
[WhiteTeam "Niedersachsen"]
[BlackTeam "Rheinland-Pfalz"]

1. d4 d5 2. c4 c6 3. Nc3 Nf6 4. Nf3 dxc4 5. a4 Bf5 6. e3 e6 7. Bxc4 Bb4 8. O-O
Nbd7 9. Qe2 Ne4 10. Nxe4 Bxe4 11. Nd2 Bg6 12. Bd3 Bxd3 13. Qxd3 O-O 14. Nf3 Nf6
15. Bd2 Bxd2 16. Qxd2 c5 17. dxc5 Qe7 18. b4 a5 19. Rfc1 Rfd8 20. Qb2 axb4 21.
Qxb4 Rac8 22. Rab1 Rc7 23. h3 Rdc8 24. Ne5 h6 25. Nd3 Nd5 26. Qb5 Qf6 27. Rb3
e5 28. Qc4 Nb6 29. Qe4 Nd7 30. Rxb7 Qe6 31. Rxc7 Rxc7 32. c6 Nf6 33. Qxe5 Rxc6
34. Qxe6 Rxe6 35. Ra1 Nd5 36. a5 Nc7 37. Kf1 Kf8 38. Ke2 Na6 39. Rb1 Ke7 40.
Rb7+ Ke8 41. Rb6 Rxb6 42. axb6 Kd8 43. Ne5 f6 44. Nc4 Nc5 45. f3 Kd7 46. Kd2
Kc6 47. Kc3 Kd5 48. Kb4 Kc6 49. Ka5 f5 50. g4 fxg4 51. fxg4 Kb7 52. Kb5 Ne4 53.
Na5+ Kb8 54. b7 Nc3+ 55. Ka6 Kc7 56. Ka7 Nb5+ 57. Ka8 1-0

[Event "Niedersachsen-Rheinland-Pfalz"]
[Site "Dresden"]
[Date "2008.11.16"]
[Round "5.1"]
[White "Armbrust, Florian"]
[Black "Lubbe, Nikolas"]
[Result "0-1"]
[WhiteElo "2319"]
[BlackElo "2254"]
[PlyCount "112"]
[EventDate "2008.??.??"]
[WhiteTeam "Rheinland-Pfalz"]
[BlackTeam "Niedersachsen"]

1. e4 d5 2. exd5 Qxd5 3. Nc3 Qa5 4. d4 Nf6 5. Bd2 c6 6. Bc4 Bf5 7. Qe2 e6 8. d5
cxd5 9. Nxd5 Qd8 10. Ne3 Bg6 11. O-O-O Nbd7 12. h4 h6 13. Nh3 Qc7 14. g3 Rc8
15. Nf4 Bxc2 16. Kxc2 b5 17. Bc3 bxc4 18. Rhe1 Qc6 19. Nf5 Nc5 20. Qxc4 Qa4+
21. Qxa4+ Nxa4 22. Nd6+ Bxd6 23. Rxd6 Nxc3 24. bxc3 O-O 25. f3 Rc7 26. Kd2 Rfc8
27. Rd3 Rc4 28. Rc1 Kf8 29. Rd4 R4c7 30. Nd3 Nd7 31. c4 Ke7 32. h5 f6 33. f4 f5
34. Ne5 Nxe5 35. fxe5 Rc5 36. Rb1 R8c7 37. Rb5 a6 38. Rb6 Ra5 39. Rdd6 Rxe5 40.
Kd3 Re1 41. Kd2 Re4 42. Rxa6 Rcxc4 43. Kd3 Rc1 44. Kd2 Rh1 45. Rdb6 Rh2+ 46.
Kd3 Rh3 47. Rb7+ Kf6 48. Raa7 Rxg3+ 49. Kd2 Rg5 50. a4 Rxh5 51. Rxg7 Rh2+ 52.
Kd3 Rh3+ 53. Kd2 h5 54. a5 Ra4 55. Rg1 Ra2+ 56. Ke1 Rb3 0-1

[Event "Sachsen 1-Sachsen Anhalt"]
[Site "Dresden"]
[Date "2008.11.16"]
[Round "5.1"]
[White "Paul, Johannes"]
[Black "Friedrich, Ricardo"]
[Result "0-1"]
[WhiteElo "2087"]
[BlackElo "2043"]
[PlyCount "112"]
[EventDate "2008.??.??"]
[WhiteTeam "Sachsen Anhalt"]
[BlackTeam "Sachsen 1"]

1. c4 Nf6 2. Nf3 e6 3. g3 b6 4. Bg2 Bb7 5. O-O Be7 6. d4 c5 7. Nc3 d6 8. Re1
cxd4 9. Qxd4 O-O 10. e4 a6 11. b3 Nbd7 12. Bb2 Qc7 13. Rad1 Rfd8 14. Ng5 Rab8
15. Rc1 Qc5 16. Qd2 Ng4 17. Nh3 Qh5 18. f3 Nge5 19. Nf4 Qh6 20. Rc2 Nc5 21. Bc1
g5 22. Nh3 Qxh3 23. Bxh3 Nxf3+ 24. Kf1 Nxd2+ 25. Bxd2 Bf6 26. Bg2 h6 27. b4 Nd3
28. Rb1 Rdc8 29. Nd1 Bc6 30. Ke2 Ne5 31. Ne3 Ba4 32. Rcc1 Rc7 33. b5 axb5 34.
cxb5 Rc5 35. Rxc5 dxc5 36. Bc3 Rd8 37. Bf1 Kg7 38. h3 Nd3 39. Bxf6+ Kxf6 40.
Nc4 Nb4 41. e5+ Ke7 42. Kf2 Bxb5 43. a3 Bxc4 44. Bxc4 Nd3+ 45. Bxd3 Rxd3 46.
Rxb6 Rxa3 47. Rb7+ Kf8 48. Rc7 Rc3 49. g4 Kg7 50. Kg2 Kg6 51. Rc6 c4 52. Kh2
Rc1 53. Kg2 c3 54. Kf2 Rh1 55. Ke2 c2 56. Kd2 c1=Q+ 0-1

[Event "Hessen 2-Saarland"]
[Site "Dresden"]
[Date "2008.11.16"]
[Round "5.6"]
[White "Schmalhorst, Sophia"]
[Black "Brühan, Caren"]
[Result "1-0"]
[WhiteElo "1608"]
[BlackElo "1226"]
[PlyCount "105"]
[EventDate "2008.??.??"]
[WhiteTeam "Hessen 2"]
[BlackTeam "Saarland"]

1. e4 c5 2. Nf3 Nc6 3. d4 cxd4 4. Nxd4 g6 5. Nc3 Bg7 6. Be3 Nf6 7. Bc4 O-O 8.
f3 Qb6 9. Bb3 Nxe4 10. Nxe4 Bxd4 11. Bxd4 Qxd4 12. Qxd4 Nxd4 13. Kf2 d6 14.
Rhe1 Bf5 15. Rad1 Nxb3 16. axb3 Rfe8 17. g4 Bxe4 18. Rxe4 b5 19. Ra1 Kf8 20.
Ra6 Rec8 21. c3 Rc5 22. Ke3 Rc7 23. Rb4 Rb7 24. Kd4 Ke8 25. f4 Kd7 26. Kd5 Kc7
27. Rc6+ Kd7 28. Ra6 e6+ 29. Ke4 Kc7 30. c4 Rb6 31. Rxb6 axb6 32. Rxb5 Ra2 33.
h4 Rxb2 34. h5 Kc6 35. hxg6 hxg6 36. Kd3 d5 37. Rb4 Kc5 38. Rb5+ Kc6 39. Rb4 f6
40. f5 gxf5 41. gxf5 e5 42. cxd5+ Kxd5 43. Rxb6 e4+ 44. Ke3 Kc5 45. Rxf6 Rxb3+
46. Kxe4 Rb1 47. Kf4 Kd5 48. Re6 Rf1+ 49. Kg5 Rg1+ 50. Kf6 Rg2 51. Kf7 Rf2 52.
f6 Rf3 53. Re7 1-0